000 00633nam a2200181Ia 4500
008 151018s9999 xx 000 0 und d
082 _bRBASDV5798
_a891.464
100 _aम स पारखे
245 _aश्री परशुरामाचे अवतार काय
250 _b1
260 _bज.आ.मोंडकर
_c1962
300 _a30
600 _aम स पारखे
630 _aश्री परशुरामाचे अवतार काय
700 _aम स पारखे
730 _aश्री परशुरामाचे अवतार काय
942 _cBOOK
999 _c1008180
_d1008177